000 00393nam a2200145Ia 4500
008 230917s9999||||xx |||||||||||||| ||und||
040 _e137077
_aMAIN
041 _aEnglish
082 _a343.0924 S64W
100 _aSingh, Chhatrapati
245 0 _aWater rights and principles of water resources management
260 _aBombay
_bN.M. Tripathi
_c1991
300 _axv, 154p p.
942 _cBK
999 _c137397
_d137397